Lesestoffe deutscher Bürger in Kaschau in der Frühen Neuzeit
| Titel: | Lesestoffe deutscher Bürger in Kaschau in der Frühen Neuzeit / István Monok |
|---|---|
| Verfasser: | |
| In: |
Zeitschrift für mitteleuropäische Germanistik, Band 4, Heft 2 (2014), Seite 127-144 alle Artikel anzeigen |
| Veröffentlicht: | 2015 |
| Format: | Aufsatz |
| Sprache: | Deutsch |
X
alg: 38740678 001A $04504:04-10-16 001B $01999:04-10-16 $t22:31:31.000 001C $04504:04-10-16 $t12:48:35.000 001D $04504:04-10-16 001U $0utf8 001X $00 002@ $0Aou 002C $aText $btxt $2rdacontent 002D $aohne Hilfsmittel zu benutzen $bn $2rdamedia 002E $aBand $bnc $2rdacarrier 003@ $0387406786 007A $0387406786 $aHEB 010@ $ager 010E $erda 011@ $a2015 021A $aLesestoffe deutscher Bürger in Kaschau in der Frühen Neuzeit $hIstván Monok 028A $BVerfasser $#Monok-Péter, István $#Monok, Stephanus $#Monok, I. $4aut $7132248239 $8Monok, István$Z1956- [Tp1] $9182364860 031A $d4 $e2 $h127-144 $j2014 039B $aEnthalten in $8--Abvc--. Zeitschrift für mitteleuropäische Germanistik. - [Wien] : Praesens Verlag, 2011-. - ISSN 2192-3043 $x201400000040002873 $927270377X 044K $RKassa $#Kaschau Košice $#Koshice $#Cassovia Košice $71028389-4 $8Košice [Tg1] $9042044669 044K $RLiteraturproduktion $#Literaturbetrieb $#Literarische Öffentlichkeit $74074272-6 $8Literarisches Leben [Ts1] $9085209104 045V $810.10.00$jLiterarisches Leben [Tkx] $9118844776 045V $811.07.00$jLiterarisches Leben [Tkx] $9118844938 045V $812.06.00$jLiterarisches Leben [Tkx] $9118845098 lok: 38740678 62 exp: 38740678 62 1 #EPN 201B/01 $004-10-16 $t22:03:35.000 203@/01 $0783475551 208@/01 $a04-10-16 $be 209A/01 $a/ $f000 $x00 209B/01 $a2016 $x05 247C/01 $8Frankfurt, Bibliographie der Deutschen Sprach- und Literaturwissenschaft $9113214561 201U/01 $0utf8 lok: 38740678 78 exp: 38740678 78 1 #EPN 201B/01 $026-04-21 $t15:32:13.000 201C/01 $026-04-21 201U/01 $0utf8 203@/01 $01150523662 208@/01 $a26-04-21 $be 209A/01 $a/ $f000 $x00 209A/01 $ab*p $x01 220C/01 $apgar 244Z/01 $#Slowakei $#Slowakei $#Slowakische Republik $#Oberungarn $#Slovensko $#Slovenská Republika $#Slovenská SR $#SSR $#Slovakia $#Slovaquie $#Slovak Republic $#République Slovaque $#Slovenská Socialistická Republika $#Slowakische Sozialistische Republik $#Slovak Socialist Republic $#République Socialiste Slovaque $74055297-4 $8--Tg1--Slowakei $x01 $9085153834 247C/01 $82080>Marburg/Lahn, Herder-Institut, Forschungsbibliothek, Bibliographieportal $9336309341
| LEADER | 00000caa a2200000 c 4500 | ||
|---|---|---|---|
| 001 | 387406786 | ||
| 003 | DE-603 | ||
| 005 | 20161004223131.0 | ||
| 007 | tu | ||
| 008 | 161004s2015 xx |||| | u00||u|ger c | ||
| 035 | |a (DE-599)HEB387406786 | ||
| 040 | |a DE-603 |b ger |c DE-603 |d DE-603 |e rda | ||
| 041 | |a ger | ||
| 100 | 1 | |a Monok, István |d 1956- |e Verfasser |4 aut |0 (DE-603)182364860 |0 (DE-588)132248239 |2 gnd | |
| 245 | 0 | 0 | |a Lesestoffe deutscher Bürger in Kaschau in der Frühen Neuzeit |c István Monok |
| 264 | 0 | |c 2015 | |
| 336 | |a Text |b txt |2 rdacontent | ||
| 337 | |a ohne Hilfsmittel zu benutzen |b n |2 rdamedia | ||
| 338 | |a Band |b nc |2 rdacarrier | ||
| 650 | 7 | |a Literarisches Leben |0 (DE-588)4074272-6 |0 (DE-603)085209104 |2 gnd | |
| 651 | 7 | |a Košice |0 (DE-588)1028389-4 |0 (DE-603)042044669 |2 gnd | |
| 773 | 0 | 8 | |i Enthalten in |t Zeitschrift für mitteleuropäische Germanistik |d [Wien] : Praesens Verlag, 2011- |h 23 cm |x 2192-3043 |g Band 4, Heft 2 (2014), Seite 127-144 |w (DE-603)27270377X |w (DE-600)2623035-5 |
| 924 | 0 | |9 603 |a (DE-603)783475551 |b DE-603 |c HES |d d | |
| 924 | 0 | |9 2080 |a (DE-603)1150523662 |b DE-2080 |c HES |d d |g / | |


